00801nam a22001817a 4500003000900000008004100009040007100050082001800121100002900139245002900168260002000197300002900217505029700246650001000543650001600553650002900569650002100598AR-CdUCM190225b ||||| |||| 00| 0 spa d aMUNICIPALIDAD PROVINCIAL DEL CUSCOcBIBLIOTECA MUNICIPAL DEL CUSCO a921.7 /bSA17 aSalas Rodríguez, J. W. aLenin y la educación / a[Cusco :c1970] a22 páginas ;c19.3 cm. aSíntesis de la charla sustentada en el salón de grados de la Universidad Nacional de San Antonio Abad del Cusco, el 27 de abril de 1970, como parte de los festejos conmemorando el primer centenario del nacimiento del gran estratega y conductor de la revolución Bolchevique: V. I. Lenin. aLenin aBiografía aRevolución Bolchevique aMarxismo-lenismo